Outsourcing logistiky jako strategické partnerství
Kompetencie logistického podniku ako strategického partnera. Pružnosť a istota ako dôležité faktory outsourcingu logistických služieb. Zmluvné partnerstvo. Poskytovanie logistických služieb v súlade s bezpečnostnými predpismi a pravidlami. Pridaná hodnota outsourcingu.
Salvato in:
| Autore principale: | |
|---|---|
| Natura: | Capitolo di libro |
| Lingua: | ceco |
| Soggetti: | |
| Tags: |
Nessun Tag, puoi essere il primo ad aggiungerne!!
|
MARC
| LEADER | 00000naa$a2200000$$$4500 | ||
|---|---|---|---|
| 001 | 0039370 | ||
| 005 | 20231113115534.5 | ||
| 041 | 0 | |a cze | |
| 044 | |a CZ | ||
| 245 | 1 | 0 | |a Outsourcing logistiky jako strategické partnerství |c Jiří Kubát |
| 520 | |a Kompetencie logistického podniku ako strategického partnera. Pružnosť a istota ako dôležité faktory outsourcingu logistických služieb. Zmluvné partnerstvo. Poskytovanie logistických služieb v súlade s bezpečnostnými predpismi a pravidlami. Pridaná hodnota outsourcingu. | ||
| 610 | 2 | 0 | |a metódy riadenia |
| 610 | 2 | 0 | |a outsourcing |
| 610 | 2 | 0 | |a služby logistické |
| 610 | 2 | 0 | |a logistika |
| 610 | 2 | 0 | |a vzťahy dodávateľsko-odberateľské |
| 610 | 2 | 0 | |a partnerstvo strategické |
| 610 | 2 | 0 | |a spolupráca podnikov |
| 100 | 1 | |a Kubát, Jiří | |